00866nam a22001817a 4500003000900000008004100009040007100050082001800121100002000139245005400159260006900213300002800282440003400310505027000344650001400614650002400628650003200652AR-CdUCM190306b ||||| |||| 00| 0 spa d aMUNICIPALIDAD PROVINCIAL DEL CUSCOcBIBLIOTECA MUNICIPAL DEL CUSCO a373.31 /bJ24 aJarolimek, John aLas Ciencias Sociales en la Educacion Elemental / aMéxico :bPax - Mexico ; Libreria Carlos Cesarman S.A ,c1964. a486 páginas ;c23 cm. aColeccion Ciencias del Hombre aContenido : Los Estudios Sociales en el Programa de la Escuela Primaria -- Planeacion del Programa de Estudios Sociales -- Desarrollo de Unidades de Estudios Sociales -- Seleccion y Empleo de Materiales Docentes -- Instruccion Individual de los Estudios Sociales... aPedagogia aEducacion Elemental aCiencias Sociales Escolares